000 00425nam a22001697a 4500
003 MPLRDC
005 20220104142421.0
008 210129b ||||| |||| 00| 0 eng d
082 _a947.411 ZDY-3 v.3
100 _a朱德庸
245 _a涩女郎. 三
_c
260 _a
_b创艺出版私人有限公司
_c
300 _b
490 _a创艺漫画系列
650 _a朱德庸漫画
942 _cBK
_o947.411 ZDY-3 v.3
999 _c30737
_d30727